[Event "PAR-ch sf"]
[Site "Asuncion"]
[Date "2021.11.20"]
[Round "7"]
[White "Jodorcovsky Werjivker, Paulo"]
[Black "Zacarias Martinez, Ruben David"]
[Result "1/2-1/2"]
[WhiteElo "2214"]
[BlackElo "2135"]
[PlyCount "98"]
[EventDate "2021.11.12"]
[EventType "swiss"]
[EventRounds "9"]
[EventCountry "PAR"]
[SourceTitle "EXT 2023"]
[Source "ChessBase"]
[SourceDate "2022.10.05"]
[SourceVersion "1"]
[SourceVersionDate "2022.10.05"]
[SourceQuality "1"]

1. d4 Nf6 2. c4 g6 3. Nc3 Bg7 4. Nf3 0-0 5. Bg5 d6 6. e3 c5 7. d5 e6 8. Nd2 h6 9. Bh4 exd5 10. cxd5 a6 11. a4 Nbd7 12. Be2 Qe7 13. 0-0 g5 14. Bg3 Ne8 15. e4 Ne5 16. Bxe5 Bxe5 17. Bg4 Ng7 18. Bxc8 Raxc8 19. Re1 Qd7 20. Nc4 Rce8 21. Nxe5 Rxe5 22. a5 Rfe8 23. Qd2 f5 24. f3 f4 25. b4 cxb4 26. Ne2 g4 27. Nd4 gxf3 28. gxf3 Qh3 29. Kh1 Rg5 30. Rg1 Ree5 31. Rxg5 Rxg5 32. Rg1 b3 33. Rxg5 hxg5 34. Kg1 g4 35. Nxb3 Qxf3 36. Qc2 g3 37. Qc8+ Kh7 38. Qh3+ Kg6 39. hxg3 fxg3 40. Nd4 Qf2+ 41. Kh1 Qe1+ 42. Kg2 Qxe4+ 43. Nf3 Nf5 44. Qh8 Qe2+ 45. Kh3 Qxf3 46. Qf6+ Kh7 47. Qh8+ Kg6 48. Qf6+ Kh5 49. Qg5+ Kxg5 1/2-1/2

[Event "PAR-ch sf"]
[Site "Asuncion"]
[Date "2021.11.13"]
[Round "2"]
[White "Recalde, Ariel"]
[Black "Zacarias Martinez, Ruben David"]
[Result "0-1"]
[WhiteElo "1850"]
[BlackElo "2135"]
[PlyCount "43"]
[EventDate "2021.11.12"]
[EventType "swiss"]
[EventRounds "9"]
[EventCountry "PAR"]
[SourceTitle "EXT 2023"]
[Source "ChessBase"]
[SourceDate "2022.10.05"]
[SourceVersion "1"]
[SourceVersionDate "2022.10.05"]
[SourceQuality "1"]

1. d4 Nf6 2. c4 e6 3. Nf3 Bb4+ 4. Nc3 b6 5. g3 Bb7 6. Bg2 0-0 7. 0-0 Bxc3 8. bxc3 d6 9. Bg5 Nbd7 10. Re1 h6 11. Bf4 Qe7 12. Qd3 Be4 13. Qe3 Rfe8 14. Rad1 e5 15. dxe5 dxe5 16. Rxd7 Nxd7 17. Bxh6 Bxf3 18. Bxf3 gxh6 19. Qxh6 Qf6 20. Qh5 Rad8 21. Be4 Qg7 22. Bc6 0-1